01132nam a2200265Ia 4500001001200000003000800012006001900020007001500039008004100054020001800095040002100113035002100134050002600155100001600181245014300197260005400340300001900394533015200413650003900565650007300604655002900677710001700706856012600723999001700849ebr10570065CaPaEBRm u cr cn|||||||||111102s2011 dk a s 000 0 eng d z9789289322829 aCaPaEBRcCaPaEBR a(OCoLC)80205895914aQL713.25b.D36 2011eb1 aDam, Maria.10a"New" POPs in marine mammals in Nordic Arctic and NE Atlantic areas during three decadesh[electronic resource] /cMaria Dam ...[et. al.]. aCopenhagen :bNordic Council of Ministers,c2011. a119 p. :bill. aElectronic reproduction.bPalo Alto, Calif. :cebrary,d2013.nAvailable via World Wide Web.nAccess may be limited to ebrary affiliated libraries. 0aPollutantszNorth Atlantic Region. 0aMarine mammalsxEffect of water pollution onzNorth Atlantic Region. 7aElectronic books.2local2 aebrary, Inc.40uhttp://site.ebrary.com/lib/rucke/Doc?id=10570065zAn electronic book accessible through the World Wide Web; click to view c81259d81259